| 000 | 01266nam a2200229Ia 4500 | ||
|---|---|---|---|
| 003 | Ost | ||
| 005 | 20260507075245.0 | ||
| 008 | 260507s9999||||xx |||||||||||||| ||und|| | ||
| 040 | _cfsecg | ||
| 041 | _aara | ||
| 082 | _a330 | ||
| 100 |
_aالفضل، مؤيد عبد الحسين _eمؤلف |
||
| 245 | 0 |
_aالإبداع في اتخاذ القرارات الادارية / _c مؤيد عبد الحسين الفضل |
|
| 260 |
_aعمان: _bاثراء للنشر, _c2009 |
||
| 300 |
_a352 صفحة؛ _bإيضاحات ؛ _c28 سم |
||
| 504 | _aملاحق ص.341 | ||
| 520 | _aتأطير مفاهيمي و منطلقات فكرية حول الابداع ، اتخاذ القرارات الابداعية ، الاحتمالات و التوزيعات الاحتمالية في دعم القرار الابداعي ، الابداع في تطبيق البرمجة الخطية لاستغلال الموارد ، الابداع في تحليل القرار ، تصميم شجرة القرار وفق منظور إبداعي ، الابداع في استخدام نظلرية المنفعة في اتخاذ القرارات . | ||
| 653 | _aاتخاذ القرارات | ||
| 653 | _aإدارة الأعمال | ||
| 653 | _aالإبتكار | ||
| 942 | _cكتاب | ||
| 999 |
_c43650 _d43650 |
||